Report Of The Finance Committee on the Income Tax (Amendment) Bill, 2018 (Record no. 1588)

MARC details
000 -LEADER
fixed length control field 00472nam a2200157Ia 4500
008 - FIXED-LENGTH DATA ELEMENTS--GENERAL INFORMATION
fixed length control field 240428s9999||||xx |||||||||||||| ||und||
041 ## - LANGUAGE CODE
Language code of text/sound track or separate title eng
082 ## - DEWEY DECIMAL CLASSIFICATION NUMBER
Classification number BR/ITA/18
100 ## - MAIN ENTRY--PERSONAL NAME
Personal name Finance Committee
245 #0 - TITLE STATEMENT
Title Report Of The Finance Committee on the Income Tax (Amendment) Bill, 2018
260 ## - PUBLICATION, DISTRIBUTION, ETC.
Name of publisher, distributor, etc. Finance Committee
Place of publication, distribution, etc. Accra
Date of publication, distribution, etc. 2018
300 ## - PHYSICAL DESCRIPTION
Extent 4p.
650 ## - SUBJECT ADDED ENTRY--TOPICAL TERM
Topical term or geographic name entry element Report Of The Finance Committee on the Income Tax (Amendment) Bill, 2018
942 ## - ADDED ENTRY ELEMENTS (KOHA)
Koha item type Bills From Committees
Holdings
Withdrawn status Lost status Damaged status Not for loan Home library Current library Shelving location Date acquired Total checkouts Full call number Date last seen Copy number Price effective from Koha item type
        Main Library Main Library Open Shelves 17/08/2022   BR/IT/18 1764 C1 - BR/IT/18 1765 C2 - BR/IT/18 1766 C3 - BR/IT/18 1767 C4 - BR/IT/18 1768 C5 - BR/ITA/18 1887 C6 29/04/2024 1 29/04/2024 Bills From Committees
©2026  Parliament of Ghana Library - All rights reserved